| 000 | 00692nam a22002177a 4500 | ||
|---|---|---|---|
| 999 |
_c10503 _d10503 |
||
| 003 | AR-CdUCM | ||
| 008 | 190401b ||||| |||| 00| 0 spa d | ||
| 040 |
_aMUNICIPALIDAD PROVINCIAL DEL CUSCO _cBIBLIOTECA MUNICIPAL DEL CUSCO |
||
| 082 |
_26ed. _a264.02 / _bR58 / 1817 |
||
| 100 |
_aRigual, Josef _927400 |
||
| 245 | _aOficio de la semana santa y semana de pascua en latin y castellano / | ||
| 260 |
_aMadrid : _bImprenta Real, _c1817. |
||
| 300 |
_a640 paginhas ; _c15 cm. |
||
| 505 | _aContenido: Biblia -- sacramentos | ||
| 650 |
_aLiteratura _983 |
||
| 650 |
_aSacramentos _97410 |
||
| 650 |
_aMandamientos _927401 |
||
| 650 |
_aLeyes _94808 |
||
| 942 |
_2ddc _cLIBROS |
||
| 945 | _apjha | ||